Introduction to microbiology for the health sciences.(2nd ed.) (Record no. 31849)
[ view plain ]
| 000 -LEADER | |
|---|---|
| fixed length control field | 00683nam a2200169 a 4500 |
| 008 - FIXED-LENGTH DATA ELEMENTS--GENERAL INFORMATION | |
| fixed length control field | 150825s1989 ||||||||||||||||| || u |
| 020 ## - INTERNATIONAL STANDARD BOOK NUMBER | |
| International Standard Book Number | 0134873319 |
| 050 ## - LIBRARY OF CONGRESS CALL NUMBER | |
| Classification number | QR 46 Jen |
| 100 ## - MAIN ENTRY--PERSONAL NAME | |
| Personal name | Jensen, Marcus M |
| 245 10 - TITLE STATEMENT | |
| Title | Introduction to microbiology for the health sciences.(2nd ed.) |
| Statement of responsibility, etc. | by Marcus M. Jensen and Donald N. Wright |
| 250 ## - EDITION STATEMENT | |
| Edition statement | 2nd ed. |
| 260 ## - PUBLICATION, DISTRIBUTION, ETC. | |
| Place of publication, distribution, etc. | United States of America |
| Name of publisher, distributor, etc. | Prentice Hall |
| Date of publication, distribution, etc. | 1989 |
| 300 ## - PHYSICAL DESCRIPTION | |
| Extent | xv, 704p. :ill. |
| 350 ## - | |
| -- | 44.98 |
| 650 #0 - SUBJECT ADDED ENTRY--TOPICAL TERM | |
| Topical term or geographic name entry element | MEDICAL MICROBIOLOGY |
| 995 ## - | |
| -- | MICHAEL CHILUFYA SATA OPEN ACCESS |
| -- | 903030 |
| -- | CBU-SCHOOL OF MEDICINE LIBRARY (Ndola) |
| -- | 44.98 |
| -- | QR 46 Jen |
| -- | 1 |
| -- | AVAILABLE |
| -- | Sep 8, 2015 |
| -- | 903030 |
| -- | Medical Library Open Access Collection |
| 999 ## - | |
| -- | 31849 |
| -- | 31849 |
| Withdrawn status | Lost status | Source of classification or shelving scheme | Damaged status | Not for loan | Permanent Location | Current Location | Shelving location | Date acquired | Total Checkouts | Full call number | Barcode | Date last seen | Price effective from | Koha item type |
|---|---|---|---|---|---|---|---|---|---|---|---|---|---|---|
| CBU-SCHOOL OF MEDICINE LIBRARY, NDOLA. | CBU-SCHOOL OF MEDICINE LIBRARY, NDOLA. | 11/30/2022 | QR 46 Jen | 903030 | 11/30/2022 | 11/30/2022 | MONOGRAPH |